bone and joint infections (Registro nro. 10865)

000 -CABECERA
Campo de control de longitud fija 02964nam a22003617a 4500
003 - IDENTIFICADOR DEL NÚMERO DE CONTROL
Campo de control OSt
005 - FECHA Y HORA DE LA ÚLTIMA TRANSACCIÓN
Campo de control 20260416192835.0
008 - CÓDIGOS DE INFORMACIÓN DE LONGITUD FIJA
Campo de control de longitud fija 260416t2021 xxu||||| |||| 00| 0 eng d
020 ## - NÚMERO INTERNACIONAL NORMALIZADO PARA LIBROS (ISBN)
Número Internacional Normalizado para Libros (ISBN) 9781119720683
020 ## - NÚMERO INTERNACIONAL NORMALIZADO PARA LIBROS (ISBN)
Número Internacional Normalizado para Libros (ISBN) 9781119720683
040 ## - FUENTE DE LA CATALOGACIÓN
Centro catalogador de origen Unicoc
Lengua de catalogación spa
Centro que cataloga Bogotá (Dr. David Ordóñez Rueda) - Campus Norte
Centro modificador Bogotá (Dr. David Ordóñez Rueda) - Campus Norte
082 ## - NÚMERO DE LA CLASIFICACIÓN DECIMAL DEWEY
Número de clasificación 616.715
100 ## - PUNTO DE ACCESO PRINCIPAL - NOMBRE DE PERSONA
9 (RLIN) 12979
Nombre de persona Zimmerli, Werner
245 ## - MENCIÓN DE TÍTULO
Título bone and joint infections
Subtitulo o Resto del título : From microbiology to diagnostics and treatment
Mención de responsabilidad etc. / Werner Zimmerli
250 ## - MENCIÓN DE EDICIÓN
Mención de edición 2 Ed.
260 ## - PUBLICATION, DISTRIBUTION, ETC. (IMPRINT)
Lugar de publicación distribución etc. Estados Unidos :
Nombre del editor distribuidor etc. John Wiley & Sons
Fecha de publicación distribución etc. 2021.
300 ## - DESCRIPCIÓN FÍSICA
Extensión 454 páginas
Otras características físicas Ilustraciones, diagramas, tablas, gráficas
500 ## - NOTA GENERAL
Nota general Incluye Índice y referencias bibliográficas
505 ## - NOTA DE CONTENIDO CON FORMATO
Título Chapter 1. Introduction. --
-- Chapter 2. Diagnostic approach in bone and joint infections. --
-- Chapter 3. Unusual microorganisms in periprosthetic joint infection. --
-- Chapter 4. Identification of pathogens in bone and joint infections by non‐culture techniques. --
-- Chapter 5. Bacteriophages for treatment of biofilm infections. --
-- Chapter 6. Pharmacokinetics and pharmacodynamics of antibiotics in bone. --
-- Chapter 7. Preclinical models of infection in bone and joint surgery. --
-- Chapter 8. Native joint arthritis in children. --
-- Chapter 9. Native joint arthritis in adult. --
-- Chapter 10. Septic arthritis of axial joints. --
-- Chapter 11. Periprosthetic joint infection: general aspects. --
-- Chapter 12. Periprosthetic joint infection after total hip and knee arthroplasty. --
-- Chapter 13. Periprosthetic joint infection after shoulder arthroplasty. --
-- Chapter 14. Periprosthetic joint infection after elbow arthroplasty. --
-- Chapter 15. Periprosthetic joint infection after ankle arthroplasty. --
-- Chapter 16. Osteomyelitis, classification. --
-- Chapter 17. Osteomyelitis in children. --
-- Chapter 18. Acute osteomyelitis in adults. --
-- Chapter 19. Subacute osteomyelitis: tuberculous and brucellar vertebral osteomyelitis. --
-- Chapter 20. Chronic osteomyelitis in adults. --
-- Chapter 21. Diabetic foot osteomyelitis. --
-- Chapter 22. Osteomyelitis of the jaws. --
-- Chapter 23. Fracture‐related infection of the long bones. --
-- Chapter 24. Implant‐associated vertebral osteomyelitis. --
-- Chapter 25. Postoperative sternal osteomyelitis.
526 ## - NOTA DE INFORMACIÓN SOBRE EL PROGRAMA DE ESTUDIO
Institución que aplica el campo Unicoc
546 ## - NOTA DE LENGUA
Nota de lengua Inglés
650 #0 - PUNTO DE ACCESO ADICIONAL DE MATERIA - TÉRMINO DE MATERIA
9 (RLIN) 12981
Término de materia o nombre geográfico como elemento inicial Infecciones
Subdivisión de forma Huesos y articulaciones
650 #0 - PUNTO DE ACCESO ADICIONAL DE MATERIA - TÉRMINO DE MATERIA
9 (RLIN) 38
Término de materia o nombre geográfico como elemento inicial Regeneración oséa
650 #0 - PUNTO DE ACCESO ADICIONAL DE MATERIA - TÉRMINO DE MATERIA
9 (RLIN) 4232
Término de materia o nombre geográfico como elemento inicial Infecciones odontógenas.
650 #0 - PUNTO DE ACCESO ADICIONAL DE MATERIA - TÉRMINO DE MATERIA
9 (RLIN) 12989
Término de materia o nombre geográfico como elemento inicial infección ósea
650 #0 - PUNTO DE ACCESO ADICIONAL DE MATERIA - TÉRMINO DE MATERIA
9 (RLIN) 12982
Término de materia o nombre geográfico como elemento inicial Osteomyelitis
658 #0 - TÉRMINO DE INDIZACIÓN - OBJETIVO CURRICULAR
9 (RLIN) 8315
Programa Académico Programa de Odontología
658 #0 - TÉRMINO DE INDIZACIÓN - OBJETIVO CURRICULAR
9 (RLIN) 8071
Programa Académico Especialización en Endodoncia
658 #0 - TÉRMINO DE INDIZACIÓN - OBJETIVO CURRICULAR
9 (RLIN) 8072
Programa Académico Especialización en Periodoncia
658 #0 - TÉRMINO DE INDIZACIÓN - OBJETIVO CURRICULAR
9 (RLIN) 8074
Programa Académico Especialización en Rehabilitación Oral
856 ## - LOCALIZACIÓN Y ACCESO ELECTRÓNICOS
Texto del enlace Acceso online exclusivo para comunidad Unicoc.
Identificador Uniforme del Recurso (URI) https://unicoceduco-my.sharepoint.com/:b:/g/personal/direccionbiblioteca_unicoc_edu_co/IQAvqdC1sqX2R6-yK5nnHeGhAe3SFYpRdw3SgiZb8WBz4sM
942 ## - ENTRADA PARA ELEMENTOS AGREGADOS (KOHA)
Fuente de clasificación o esquema de ordenación en estanterías
Koha [por defecto] tipo de item Libro electrónico
Existencias
No para préstamo Localización actual Fecha del precio de reemplazo Fuente de adquisición Localización permanente Estropeado Signatura completa Estado de pérdida Código de barras Fecha de adquisición Código de colección Fuente de clasificación o esquema de ordenación en estanterías Fecha última consulta Precio Tipo de item de Koha
 Bogotá (Dr. David Ordóñez Rueda) - Campus Norte2026-04-16CompraBogotá (Dr. David Ordóñez Rueda) - Campus Norte 616.715 Ebook108652026-04-16Coleccion Online 2026-04-16200000.00Libro electrónico

© 2014 UNICOC | Institución Universitaria Colegios de Colombia - UNICOC
Bogotá D.C. Autopista Norte Km. 20. Teléfono:(571)6683535
Cali: Calle 13 Norte No. 3N-13. Teléfono: (572)6608887

Con tecnología de Koha